| 000 | 01003nab a22002057a 4500 | ||
|---|---|---|---|
| 999 |
_c5462 _d5462 |
||
| 003 | OSt | ||
| 005 | 20251113111103.0 | ||
| 008 | 190604e xxu||||| |||| 00| 0 spa d | ||
| 040 | _cPJ | ||
| 100 |
_96465 _aMendaña, Silvia Mariana |
||
| 245 | 1 | 0 |
_aPosibles acuerdos entre condóminos para el uso y goce de la cosa común / _cSilvia Mariana Mendaña. |
| 260 |
_aCiudad Autónoma de Buenos Aires : _bThomson Reuters La Ley, _c2025. |
||
| 300 | _ap. 165-173 | ||
| 500 | _aCita Online: TR LALEY AR/DOC/1115/2025. | ||
| 505 | _tSumario: I. Introducción.— II. Convenio de uso y goce.— III. Pacto de indivisión temporaria.— IV. Pacto de división futura.— V. Conclusiones. | ||
| 505 | _t¿Te interesa el texto completo? Solicitalo al correo: koha@justierradelfuego.gov.ar | ||
| 650 | 0 |
_91497 _aCODIGO CIVIL Y COMERCIAL |
|
| 773 | 0 |
_02714 _93171 _dCiudad Autónoma de Buenos Aires : Thomson Reuters La Ley, 2014- _tRevista anales de legislación argentina. Nº 6 - Junio 2025. |
|
| 942 |
_2udc _cANA |
||